Phân biệt vấn đề sự kiện và pháp lý trong tố tụng dân sự và việc hoàn thiện pháp luật Việt Nam /
Gardado en:
| Autor Principal: | |
|---|---|
| Formato: | Artigo |
| Idioma: | Vietnamese |
| Những chủ đề: | |
| Các nhãn: |
Engadir etiqueta
Sen Etiquetas, Sexa o primeiro en etiquetar este rexistro!
|
| Thư viện lưu trữ: | Thư viện Trường Đại học Đà Lạt |
|---|
| LEADER | 00920nam a2200277 4500 | ||
|---|---|---|---|
| 001 | DLU090071608 | ||
| 005 | ##20090508 | ||
| 040 | # | # | |a DLU |b vie |
| 041 | # | # | |a vie |
| 044 | # | # | |a vn |
| 100 | # | # | |a Tống Công Cường, |c ThS. |
| 245 | # | # | |a Phân biệt vấn đề sự kiện và pháp lý trong tố tụng dân sự và việc hoàn thiện pháp luật Việt Nam / |c Tống Công Cường. |
| 653 | # | # | |a Hoàn thiện pháp luật |
| 653 | # | # | |a Luật tố tụng dân sự |
| 653 | # | # | |a Vấn đề pháp lý |
| 653 | # | # | |a Vấn đề sự kiện |
| 773 | # | # | |t Nhà nước và pháp luật |g Số 12(248), 2008, tr. 61-65 |
| 920 | # | # | |a Phòng Tạp chí -- Trung tâm Thông tin - Thư viện Trường Đại học Đà Lạt |
| 994 | # | # | |a DLU |
| 900 | # | # | |a True |
| 911 | # | # | |a Nguyễn Thị Hồng Lê |
| 925 | # | # | |a G |
| 926 | # | # | |a A |
| 927 | # | # | |a BB |
| 980 | # | # | |a Thư viện Trường Đại học Đà Lạt |